Normal view
MARC view
Entry Término temático
001 - NÚMERO DE CONTROL
- campo de control: 171534
003 - IDENTIFICADOR DEL NÚMERO DE CONTROL
- campo de control: OSt
005 - FECHA Y HORA DE LA ÚLTIMA TRANSACCIÓN
- campo de control: 20220127161147.0
008 - DATOS DE LONGITUD FIJA
- campo de control de longitud fija: 220127|| aca||aabn | a|a d
040 ## - FUENTE DE LA CATALOGACIÓN
- Centro catalogador/agencia de origen: OSt
- Centro/agencia transcriptor: OSt
150 ## - ENCABEZAMIENTO--TÉRMINO DE MATERIA
- Término de materia o nombre geográfico como elemento de entrada: Caña de azúcar
- Subdivisión general: México
- Subdivisión general: variedades
670 ## - FUENTE DE DATOS ENCONTRADOS
- Cita de la fuente: Work cat.: (OSt)205504: Instituto para el Mejoramiento de la Producción de Azúcar (México) 59422, Introducción de nuevas variedades para el establecimiento de semilleros de caña de azúcar /
